Städte und Gemeinden Niedersachsens A-Z - Statistiken

Allgemein
  • Dieses Quiz wurde 78 mal gespielt
  • Das Durchschnittsergebnis liegt bei 17 aus 24
Antwortstatistiken
Antwort % Korrekt
B Diese Großstadt stellt den deutschen Fußballmeister von 1967 Braunschweig
97%
J Kreisstadt in Ostfriesland, welche für ihr herbes Pilsbier bekannt ist Jever
95%
C In dieser Kreisstadt mit mittelalterlicher Altstadt sprengte der Verfassungsschutz 1978 ein Loch in eine Gefängnismauer Celle
92%
H Stadt nahe der Grenze zu NRW an der Weser, welche Rattenprobleme mit Flöte spielen löst Hameln
91%
O In dieser Großstadt wurde neben Münster der Westfälische Frieden ausgehandelt Osnabrück
91%
A Kreisstadt und ehemalige Hauptstadt von Ostfriesland Aurich
89%
W Großstadt, dessen Frauenfußballmannschaft 2013 das Triple aus Bundesliga, DFB-Pokal und Championsleague gewinnen konnte Wolfsburg
89%
D Kreisfreie Stadt bei Bremen, in der eine ehemalige Wasserburg als Parkanlage genutzt wird Delmenhorst
88%
S Großstadt im Vorharz, bekannt für seine Stahlindustrie, ein Solebad und Sitz des Bundesamtes für Strahlenschutz Salzgitter
83%
M Stadt im Emsland, bei der die Herrenmannschaft des größten Fußballvereins in den 80er und 90er-Jahren in der 2. Liga und die Frauenmannschaft bis letztes Jahr in der 1. Liga spielten Meppen
82%
G Kreisstadt an der Grenze zu Sachsen-Anhalt mit historisch bedeutender Silbermine, Kaiserpfalz und Unesco-Weltkulturerbe-prämierter Innenstadt Goslar
80%
R Kreisstadt an der Wümme zwischen Hamburg, Bremen und Hannover. Nicht zu verwechseln mit der gleichnamigen Stadt an der Fulda Rotenburg (Wümme)
77%
V Kreisstadt im Oldenburger Münsterland, welche als Reiterstadt bekannt ist und eine Universität besitzt Vechta
77%
U Kreisstadt in Nordostniedersachsen, dessen Bahnhof von Friedensreich Hundertwasser entworfen wurde Uelzen
75%
P Kreisstadt zwischen Hannover und #B, bekannt für seine Stahlindustrie und als Spottname für Hannover und #B aus der jeweils anderen Stadt Peine
74%
L Größte Stadt des niedersächsischen Emslandes, bei dessen Abifestival/Lautfeuer bereits bekannte Musiker wie K.I.Z, Cro oder AnnenMayKantereit auftraten Lingen
68%
Q Stadt im Artland an der Hase mit zahlreichen Fachwerkhäusern Quakenbrück
58%
N Kreisstadt an der Grenze zur NRW und den Niederlanden, welche von der Vechte umfloßen wird und als "Stadt des Wassers" bekannt ist Nordhorn
57%
E Mittelalterliche Stadt in Südniedersachsen, welche dem dort erfundenem Bockbier seinen Namen gibt Einbeck
52%
F Kleinstadt im Kreis Cloppenburg, welche wegen seiner Schmiedevergangenheit den Beinamen "Eisenstadt" trägt Friesoythe
40%
Z Samtgemeinde im Kreis #R, liegt auf der gleichnamigen Geest und besteht aus den Gemeinden Elsdorf, Gyhum und Heeslingen Zeven
35%
K Stadt im Kreis Helmstedt, der Kaiser Lothar III einen Kaiserdom als Klosterkirche stiftete Königslutter
28%
I Samtgemeinde im Landkreis Lüneburg, bestehend aus den Gemeinden Barnstedt, Deutsch Evern, Embsen und Melbeck Ilmenau
17%
T Kleinstadt im Kreis Diepholz an der Delmequelle, in der sich der weltgrößte Strohhut befindet Twistringen
17%
Keine übereinstimmenden Quizze gefunden
Verteilung der Resultate
Anzahl Personen mit jedem Resultat
Perzentil nach korrekt beantworteten Fragen
Ihre Resultats-Entwicklung
Sie haben dieses Quiz noch nicht gespielt